000 002340000a22000970004500
100 1 _aBlackman, Rachel
245 1 0 _aRecolección y almacenamiento de agua
300 _aNúm 51 (2002), Páginas 11
773 0 _tPaso a paso
942 _cANA
999 _c52646
_d52646